MDQL
is popping MORE tags! Check the
thread
!
Quizzes
Events
Quiz Creation
Community
Videos
Private Events
Remove Ads
Sign In
Join for FREE
Feedback
Dark Mode
Quiz Categories
Sports
Geography
Music
Movies
Television
Just For Fun
Miscellaneous
History
Literature
Language
Science
Gaming
Entertainment
Religion
Holiday
For Kids
Quiz Lab
Recent
Popular Today
Quiz Kudos Today
Editor Picks
Curator Picks
Quizzes by...
Day
Popularity
Type
Ratings
Length
Year
Community
Subscriptions
Recent Discussions
Orange Saloon
Badges
Playlists
Quests
Create
Leaderboards
Showdown
Live 5
Trivia Bingo
Activity
Puzzle Library
Sporcle Events
Private Events
Virtual Trivia
Globe League
Become a Host
Pub Owners
SporcleCon
Opinionation
Our Games
Videos
Blog
Mobile Apps
Partnerships
Remove Ads and Go Orange
Feedback
Miscellaneous
Crossword
General Knowledge
Baby Names
Logo
Food
Cars
Numbers
Grab Bag
University
College
Popular
Company
Slogans
Restaurants
Justice
Letter
Miscellaneous
Crossword
General Knowledge
Baby Names
Logo
Food
Cars
Numbers
Grab Bag
University
College
Popular
Company
Slogans
Restaurants
Justice
Letter
Random Quiz
Search Sporcle
×
Quiz Lab
Quiz Lab
Miscellaneous
useless
Type in answers that appear in a list
Type in answers that appear in a list
Classic
Best Score? Go Orange.
Useless information Stats
Can you name the useless information?
By
superbananaman
8m
19 Questions
378 Plays
378 Plays
378 Plays
Comments
Comments
Give Quiz Kudos
Give Quiz Kudos
-
- Ratings
hide this ad
Replay
Link that replays current quiz
Next Quiz
Link to next quiz in quiz playlist
You Got
0%
They Got
Avg Score
25%
Avg Friend Score
Upgrade to see
Score Distribution
Jump to the score distribution portion of the page
Score
0/19
Timer
08:00
0
Plays Today
useless info
answer
% Correct
if you keep a goldfish in a dark room it will eventually turn _
_
_
_
_
_
white
68.3%
on average humans are more scared of _
_
_
_
_
than death
spiders
64.8%
a polar bears skin is _
_
_
_
_
_
_
black
60.3%
the strongest muscle in the body is the _
_
_
_
_
_
_
tongue
50.8%
_
_
_
_
_
_
_
is the shortest sentence in the english language
I am
36%
Hippopotomonstrosesquippedaliophobia is the fear of _
_
_
_
_
_
_
_
_
_
_
_
_
_
_
_
_
_
long words
31%
On average humans eat _
_
_
_
spiders in their lifetime at night
8
28.8%
a _
_
_
_
_
_
_
_
is the only fish that can blink with both eyes
shark
24.3%
February 1865 is the only month recorded not to have a _
_
_
_
_
_
_
_
_
_
_
_
_
full moon
21.7%
the electric chair was invented by a _
_
_
_
_
_
_
_
_
dentist
15.6%
useless info
answer
% Correct
What family are almonds part of?
peach
14%
if you add up the numbers 1-
100 consecutively (1+2+3+4+5 etc) the total is _
_
_
_
_
_
_
5050
13.2%
a _
_
_
_
_
can sleep for 3 years
snail
11.6%
Lightning can light a light bulb for _
_
_
_
_
_
_
_
_
100 years
10.1%
the name of all the _
_
_
_
_
_
_
_
_
end in the same letter they start with
continents
8.5%
the longest one syllable in the english language is _
_
_
_
_
_
_
_
_
screeched or strengths
6.9%
Barbie's full name is _
_
_
_
_
_
_
_
_
_
_
_
_
_
_
_
_
_
Barbara Millicent Roberts
5.8%
a crocodile cannot _
_
_
_
_
_
_
_
_
_
_
_
_
_
_
_
_
_
stick its tongue out
4.5%
What is Winnie-
the-
pooh's real name?
Edward bear
3.4%
Quiz Playlist
Details
Report
Send in Message
Add To Playlist
Classic:
Type in answers that appear in a list
Last Updated: Feb 16, 2017
Quiz Scoreboard
CHALLENGE
Sign Up to Join the Scoreboard
Show All
Scores
Hide
Comments
May contain spoilers
Recently Published
Colored Red Africa Blitz
by spor1
Geography
30s
Find the 'City' Movie
by crazypaving
Movies
60s
5x2 Blitz: Bands
by SL_Kpop136
Music
30s
More to Explore
Quiz From the Vault
Featured Blog Post
14 Easter Pick-up Lines to Find Eggs With
hide this ad
You Might Also Like...
Tags
Spider
useless
Today's Top Quizzes in Miscellaneous
Browse Miscellaneous
hide this ad
Today's Top Quizzes in useless
Browse useless
Top Contributed Quizzes in Miscellaneous
1
5-to-1: Fast Food
2
9x9 Crossword: Disney Movie Titles
3
9x9 Crossword: Charlie and the Chocolate Factory
4
The JOE quick-fire general knowledge quiz: Day 174
5
9x9 Crossword: Nickelodeon
6
9x9 Crossword: Flags
7
9x9 Crossword: Pixar Movie Titles
8
9x9 Crossword: 2022 Movies
9
9x9 Crossword: Halloween
10
9x9 Crossword: Actors
Explore More
Trending Topics
Anime
Marvel
Crossword
Harry Potter
NBA
Disney
Kpop
Song
The Office
Pokémon
Country
Puzzle
NFL
WWE
Soccer
hide this ad
More By:
superbananaman
Quiz
Plays
Rating
Category
Featured
Created
useless information
378
3.00
Miscellaneous
Jan 10, 2011
avpm/avps general knowledge
268
4.00
Entertainment
Oct 29, 2011
Random Questions
38
2.33
Just For Fun
May 15, 2011
Go to Creator's Profile
Score Distribution
Quiz Creator Spotlight
superbananaman
Follow
Send a Message
Quizzes Created
-
Created Quiz Play Count
-
More By This Creator
Popular Quizzes Today
1
Find the 'City' Movie
2
Colored Red Africa Blitz
3
5x2 Blitz: Bands
4
Find the US States - No Outlines Minefield
5
The Countries of the World
6
Find the US States
7
9x9 Crossword: Cartoon Network
8
US States
More Miscellaneous Quizzes
Before and After II
Published
Trending Quizzes
Colored Red Europe Blitz I
Colored Red Africa Blitz II
Colored Red Africa Blitz III
Colored Red Europe Blitz III
Colored Red Europe Blitz II
Recently Updated
Champions League XIs: Real Madrid
pecheneg
Largest US Cities 1790-2010
pecheneg
Rides in Walt Disney World
pecheneg
Most Oscar Losses (Acting)
pecheneg
Beyoncé Albums
pecheneg
Leaping Animals
pecheneg
Reality TV Shows (A-Z)
bhenderson79
Rickey Henderson's Hall of Fame Teammates
pecheneg
Champions League XIs: Arsenal
pecheneg
Quick Pick: Celebrities in WWE's Hall of Fame
aduchscher
Trending Topics
Marvel
Anime
Kpop
Crossword
Disney
Harry Potter
NBA
The Office
Puzzle
Song
Soccer
Pokémon
WWE
Country
NFL
Your Account Isn't Verified!
In order to create a playlist on Sporcle, you need to verify the email address you used during registration. Go to your
Sporcle Settings
to finish the process.
Report this User
Report this user for behavior that violates our
Community Guidelines
.
Details:
Send Report
Go to the Sporcle.com Mobile Site →
Comments